Análisis matemático: introducción moderna al cálculo superior

Guardat en:
Dades bibliogràfiques
Autor principal: Apostol, Tom M (Autor)
Format: Llibre
Idioma:espanyol
Publicat: Barcelona Reverté 1960
Matèries:
Etiquetes: Afegir etiqueta
Sense etiquetes, Sigues el primer a etiquetar aquest registre!

MARC

LEADER 00000nam a2200000 a 4500
001 UCW0732
003 CL-VaPUC
008 890412e19600000SP |||||||||||||||||spa|d
082 0 4 |a 515  |b APO  |2 21 
100 0 |a Apostol, Tom M  |e author  |9 304650 
245 1 0 |a Análisis matemático: introducción moderna al cálculo superior 
300 |a 534 p 
942 |c BK 
945 |d 19890412 00:00:00  |a mfernand 
260 |a Barcelona  |b Reverté  |c 1960 
650 0 |a Análisis matemático   |9 260146 
583 |a last modification  |c 20140410 11:49:45  |k Rodrigo Vera 
999 |c 215794  |d 215792 
952 |0 0  |1 0  |4 0  |6 515_000000000000000_APO_1960  |7 0  |8 A  |9 200825  |a BIBMAT  |b BIBMAT  |d 2019-11-14  |i 2679779  |o 515 APO 1960  |p 2679779  |r 2025-01-07  |w 2019-11-14  |y BK  |k MAT 
952 |0 0  |1 0  |4 0  |6 515_000000000000000_APO_1960  |7 0  |8 A  |9 200826  |a BIBRNT  |b BIBRNT  |d 2019-11-14  |i 3043150  |o 515 APO 1960  |p 3043150  |r 2019-11-14  |w 2019-11-14  |y BK  |k CIM 
952 |0 0  |1 0  |4 0  |6 515_000000000000000_APO_1960  |7 0  |8 A  |9 200830  |a BIBMAT  |b BIBMAT  |d 2019-11-14  |i 4593456  |o 515 APO 1960  |p 4593456  |r 2025-01-07  |w 2019-11-14  |y BK  |k MAT